Chemistry: A contemporary approach (Record no. 31954)
[ view plain ]
| 000 -LEADER | |
|---|---|
| fixed length control field | 00280nam a2200109Ia 4500 |
| 082 ## - DEWEY DECIMAL CLASSIFICATION NUMBER | |
| Classification number | 054 |
| Item number | MIL |
| 100 ## - MAIN ENTRY--AUTHOR NAME | |
| Personal name | Miloler, Tyler G |
| 245 #0 - TITLE STATEMENT | |
| Title | Chemistry: A contemporary approach |
| 260 ## - PUBLICATION, DISTRIBUTION, ETC. (IMPRINT) | |
| Place of publication | California |
| Name of publisher | Wadsworth |
| Year of publication | 1976 |
| 942 ## - ADDED ENTRY ELEMENTS (KOHA) | |
| Koha item type | Books |
| Withdrawn status | Lost status | Damaged status | Not for loan | Home library | Current library | Date acquired | Cost, normal purchase price | Full call number | Accession Number | Koha item type |
|---|---|---|---|---|---|---|---|---|---|---|
| RRII Library | RRII Library | 16/12/2021 | 16.45 | 054 MIL | 12481 | Books |